00415nam a2200169Ia 4500003000400000005001700004008004100021020001500062040000700077041000800084082001700092100002300109245005000132260004000182300001100222365001200233OSt20230405104755.0210423s2007 xx 000 0 und d a8130903644 cAL aeng a809.935 BLOH aBLOOM (Harold),Ed. aViva blooms notes George Eliots Silas Marner. aNew DelhibViva Books Pvt Ltdc2007 a80bPB b70cINR